Set functions /
Guardado en:
| Autor Principal: | |
|---|---|
| Otros Autores: | |
| Formato: | Libro |
| Idioma: | English |
| Publicado: |
Albuquerque, New Mexico :
The University of New Mexico Press,
c1948.
|
| Etiquetas: |
Agregar Etiqueta
Sin Etiquetas, Sea el primero en etiquetar este registro!
|
| LEADER | 00725nam a22001815a 4500 | ||
|---|---|---|---|
| 001 | MAT.inmabb000757 | ||
| 008 | 031119s1948####nmu###########001#0#eng#d | ||
| 005 | 20130222154141.0 | ||
| 245 | 1 | 0 | |a Set functions / |c by Hans Hahn and Arthur Rosenthal. |
| 260 | |a Albuquerque, New Mexico : |b The University of New Mexico Press, |c c1948. | ||
| 300 | |a ix, 324 p. ; |c cm. | ||
| 500 | |a "Incorporates about two-thirds of Hans Hahn's unpublished manuscripts for v. 2 of his Reelle Funktionen" --Library of Congress Online Catalog. | ||
| 510 | 4 | |a MR, |c 9,504e | |
| 100 | 1 | |a Hahn, Hans, |d 1879-1934. | |
| 700 | 1 | |a Rosenthal, Arthur. | |
| 700 | 1 | |a Hahn, Hans, |d 1879-1934. |t Reelle Funktionen. | |
| 084 | |a 28 |2 msc2000 | ||
| 859 | |h 28 |i H148 |p A-563 |b BIB. MATEMATICA | ||
